Witch US state is famous for this?? - Statistics

General Stats
  • This quiz has been taken 18 times
  • The average score is 9 of 12
Answer Stats
Hint Answer % Correct
Biggest???!?!?! Alaska
100%
Famous for Hollywood, and Death Valley?? California
100%
Which US state is the most industrial?!?! California
100%
Famous for Area 51, and Las Vegas??? Nevada
93%
Most Golf Courses?? Florida
86%
Famous for having the longest cave system in the world? Kentucky
86%
Famous for having Ford, and Flint's Water Pipes??? Michigan
86%
Famous for being poor??? Mississippi
86%
Famous for sending the most presidents into office? Ohio
86%
Fat West Virginia
57%
Famous for BBQ, and Modren day Golf? South Carolina
36%
Famous for having NASCAR?? Delaware
29%
No matching quizzes found
Score Distribution
Percent of People with Each Score
Percentile by Number Answered
Your Score History
You have not taken this quiz